| 000 | 00651nam a2200181Ia 4500 | ||
|---|---|---|---|
| 008 | 090630s9999 xx 000 0 und d | ||
| 082 | _b27844 | ||
| 100 | _aब्रह्मांडकर उज्वल. | ||
| 245 |
_aनिवृत्ती. _cब्रह्मांडकर उज्वल. |
||
| 260 |
_bमनोरमा - मुंबई. _c2007 |
||
| 300 | _a175 | ||
| 600 | _aब्रह्मांडकर उज्वल. | ||
| 630 | _aनिवृत्ती. | ||
| 655 | _aकादंबरी. | ||
| 700 | _aब्रह्मांडकर उज्वल. | ||
| 730 | _aनिवृत्ती. | ||
| 942 | _cBOOK | ||
| 999 |
_c279700 _d279700 |
||